Capitals Containing V (One Minute Sprint with a map) - Statistics

General Stats
  • This quiz has been taken 126 times
  • The average score is 183 of 196
Answers on the Map
Answers color-coded by a green-red scale on the quiz's map according to % correct below.
 
Answer Stats
capital % Correct
x
100%
Vilnius
73%
Reykjavik
72%
Vienna
69%
Montevideo
61%
Vaduz
59%
Valletta
51%
Vatican City
51%
Kiev
47%
Vientiane
47%
Havana
45%
Antananarivo
42%
Port-Vila
42%
San Salvador
41%
Victoria
39%
Andorra la Vella
36%
Suva
36%
Bratislava
30%
Monrovia
30%
Sarajevo
23%
Brazzaville
18%
Libreville
18%
Yerevan
18%
Porto-Novo
16%
No matching quizzes found
Score Distribution
Percent of People with Each Score
Percentile by Number Answered
Your Score History
You have not taken this quiz